Secrets,sex and specctacle:The rules of scandal in Japan and the United States (Record no. 1319398)

MARC details
000 -LEADER
fixed length control field 00741nam a2200217Ia 4500
005 - DATE AND TIME OF LATEST TRANSACTION
control field 20250507130402.0
008 - FIXED-LENGTH DATA ELEMENTS--GENERAL INFORMATION
fixed length control field 008 250505s9999 xx 000 0 chi d
020 ## - INTERNATIONAL STANDARD BOOK NUMBER
International Standard Book Number 9780226894089
037 ## - SOURCE OF ACQUISITION
Stock number Annuals, Advances
040 ## - CATALOGING SOURCE
Original cataloging agency EASL
Language of cataloging eng
Transcribing agency EASL
041 ## - LANGUAGE CODE
Language code of text/sound track or separate title chi
Source of code eng
084 ## - COLON CLASSIFICATION NUMBER
Classification number Y:44.42, P6
Assigning agency EASL
100 ## - MAIN ENTRY--PERSONAL NAME
Personal name West Mark D. Au.
245 #0 - TITLE STATEMENT
Title Secrets,sex and specctacle:The rules of scandal in Japan and the United States
260 ## - PUBLICATION, DISTRIBUTION, ETC.
Place of publication, distribution, etc. USA
Name of publisher, distributor, etc. Chicago The university of Chicago Press
Date of publication, distribution, etc. 2006
300 ## - PHYSICAL DESCRIPTION
Extent ix,404p.
365 ## - TRADE PRICE
Price type code ¥
Price amount 5937
650 ## - SUBJECT ADDED ENTRY--TOPICAL TERM
Topical term or geographic name entry element Scandals- Japan; Japan-Social Life and customs; Law-Japan; Scandals-United states
9 (RLIN) 755316
942 ## - ADDED ENTRY ELEMENTS (KOHA)
Koha item type Textual
Classification part Y:44.42, P6

No items available.

Copyright @ Delhi University Library System